| 000 | 00364nam a22001457a 4500 | ||
|---|---|---|---|
| 003 | OSt | ||
| 020 | _a01956866853 | ||
| 040 |
_c0 _d0 |
||
| 082 |
_222 _a302.35 |
||
| 100 | _aHatch, Mary Jo and Cunliffe, Ann L. | ||
| 245 | _aOrganization theory / | ||
| 260 |
_aNew Delhi, _bOxford University, _cc2010. |
||
| 300 |
_axxiii, 391 p. ; _bill. ; _c24 cm. |
||
| 942 |
_2ddc _cGEN |
||
| 999 |
_c5059 _d5059 |
||